Statistics for Finish that Phrase! "Invasion of ___"

Click here to take the quiz!

General Stats

  • This quiz has been taken 35 times
  • The average score is 5 of 8

Answer Stats

Rank"Invasion of ___"% Correct
6Great Britain/England
94%
4France
91%
8Russia
76%
5Poland
65%
2Afghanistan
56%
1Iraq
56%
3Kuwait
32%
7Czechoslovakia
18%

Score Distribution

Percentile by Number Answered

Percent of People with Each Score

Your Score History

You have not taken this quiz